10 Logos de clubs de foot : Moyen - Statistiques

Statistiques générales
  • Ce quiz a été pris 91 fois
  • Le résultat moyen est 9 sur 10
Statistiques - réponses
Par images Réponse % Correct
Juventus
99%
Inter Milan
98%
LOSC
96%
Inter Miami
93%
Bayer 04 Leverkusen
84%
Villarreal
84%
Al-Nassr
82%
Sporting Portugal
80%
Brighton
73%
Club Bruges KV
62%
Aucun quiz correspondant
Distribution des résultats
% des personnes avec chaque résultat
Percentile par nombre de réponses
Votre historique - résultats
Vous n’avez pas pris ce quiz